Sì, Padre / (Record n. 27805)
[ formato base ]
| 000 -LEADER | |
|---|---|
| fixed length control field | 00775nam a2200253 i 4500 |
| 003 - CONTROL NUMBER IDENTIFIER | |
| control field | IT-RoINE |
| 005 - DATE AND TIME OF LATEST TRANSACTION | |
| control field | 20200706055423.0 |
| 008 - FIXED-LENGTH DATA ELEMENTS--GENERAL INFORMATION | |
| fixed length control field | 930923s1953 it |||||r |||||||ita|d |
| 040 ## - CATALOGING SOURCE | |
| Transcribing agency | IT-RoINE |
| Modifying agency | IT-RoINE |
| 041 #7 - LANGUAGE CODE | |
| Language code of text/sound track or separate title | ita |
| Language code of original and/or intermediate translations of text | ger |
| 100 1# - MAIN ENTRY--PERSONAL NAME | |
| Personal name | Gräf, Richard, |
| Titles and other words associated with a name | C.S.Sp., |
| Dates associated with a name | 1899-1977 |
| 9 (RLIN) | 54811 |
| 240 10 - UNIFORM TITLE | |
| Uniform title | Ja, Vater. |
| Language of a work | Italiano |
| 245 10 - TITLE STATEMENT | |
| Title | Sì, Padre / |
| Statement of responsibility, etc | Riccardo Gräf ; traduzione dal tedesco di Giovanna Federici Airoldi. |
| 250 ## - EDITION STATEMENT | |
| Edition statement | 9. ed |
| 260 ## - PUBLICATION, DISTRIBUTION, ETC. (IMPRINT) | |
| Place of publication, distribution, etc | Brescia : |
| Name of publisher, distributor, etc | Morcelliana, |
| Date of publication, distribution, etc | 1953. |
| 300 ## - PHYSICAL DESCRIPTION | |
| Extent | 199 p. ; |
| Dimensions | 17 cm. |
| 336 ## - CONTENT TYPE | |
| Source | rdacontent |
| Content type term | text |
| 337 ## - MEDIA TYPE | |
| Source | rdamedia |
| Media type term | unmediated |
| 338 ## - CARRIER TYPE | |
| Source | rdacarrier |
| Carrier type term | volume |
| 500 ## - GENERAL NOTE | |
| General note | Traducción de: Ja, Vater. |
| 650 #4 - SUBJECT ADDED ENTRY--TOPICAL TERM | |
| 9 (RLIN) | 1444 |
| Topical term or geographic name as entry element | Espiritualidad |
| 700 1# - ADDED ENTRY--PERSONAL NAME | |
| Personal name | Federici Ajroldi, Giovanna |
| 9 (RLIN) | 54812 |
| 942 ## - ADDED ENTRY ELEMENTS (KOHA) | |
| Item type | Monografías |
| Withdrawn status | Lost status | Damaged status | Not for loan | Home library | Current library | Date acquired | Total Checkouts | Full call number | Barcode | Date last seen | Price effective from | Koha item type |
|---|---|---|---|---|---|---|---|---|---|---|---|---|
| Iglesia Nacional Española en Roma | Iglesia Nacional Española en Roma | 05/10/2018 | TEO 2197 | 52508 | 05/10/2018 | 05/10/2018 | Monografías |